A field guide to the reptiles and amphibians of Britain and Europe
Αποθηκεύτηκε σε:
| Κύριος συγγραφέας: | |
|---|---|
| Άλλοι συγγραφείς: | , |
| Μορφή: | Βιβλίο |
| Γλώσσα: | English |
| Δημοσίευση: |
London :
Collins,
1992
|
| Θέματα: | |
| Ετικέτες: |
Προσθήκη ετικέτας
Δεν υπάρχουν, Καταχωρήστε ετικέτα πρώτοι!
|
MARC
| LEADER | 00000nam a2200000 i 4500 | ||
|---|---|---|---|
| 001 | 1/89095 | ||
| 008 | 990906s1992 eng d | ||
| 020 | |a 0-00-219318-3 | ||
| 035 | |l 10052699 | ||
| 040 | |a GR-MY-UA |b gre |e aacr | ||
| 041 | 0 | |a eng | |
| 082 | 0 | |a 597.9 | |
| 100 | 1 | |a Arnold, Edwin Nicholas. | |
| 245 | 1 | 2 | |a A field guide to the reptiles and amphibians of Britain and Europe / |c E. N. Arnold and J. A. Burton ; Illustrated by D. W. Ovenden |
| 260 | |a London : |b Collins, |c 1992 | ||
| 300 | |a 272 p. |b ill. | ||
| 504 | |a Includes index | ||
| 650 | 0 | 0 | |a Reptiles |z Europe |x Identification. |
| 650 | 0 | 0 | |a Amphibians |z Europe |x Identification. |
| 650 | 0 | 0 | |a Reptiles |z Great Britain |x Identification. |
| 650 | 0 | 0 | |a Amphibians |z Great Britain |x Identification. |
| 700 | 1 | |a Burton, John A. | |
| 700 | 1 | |a Ovenden, Denys. |4 ill | |
| 852 | |a INST |b LESVOS |e 19990906 |h 597.9 ARN |p 005100015847 |q 005100015847 |t BK |y 0 | ||
| 852 | |a INST |b LESVOS |e 20000417 |h 597.9 ARN |p 005100023182 |q 005100023182 |t BK |y 0 | ||
| 901 | |a BIBL1-1999-2 | ||
| 909 | |a Λ |b 026885 | ||
| 909 | |a Λ |b 077308 | ||
| 922 | |a 1ΕΛΗ |b 200002 |c ΚΠΣ/ΤΠ |d GLORY | ||
| 950 | |a 107-1999-12-21 | ||
| 970 | |a ΚΑΜΑΤΣΟΥ |b ΔΕΣΠΟΙΝΑ |z 1999/09/06 | ||